000
00358nam a22001577a 4500
003
MPLRDC
005
20220104123823.0
008
210129b ||||| |||| 00| 0 eng d
082
_a
019.1 JWE*
100
_a
纪伟恩编著
245
_a
读书与进修
_c
260
_a
_b
新时代出版社
_c
300
_b
平
650
_a
942
_c
BK
_o
019.1 JWE*
999
_c
14466
_d
14456